<?xml version="1.0" encoding="UTF-8"?>
<record
    xmlns:xsi="http://www.w3.org/2001/XMLSchema-instance"
    xsi:schemaLocation="http://www.loc.gov/MARC21/slim http://www.loc.gov/standards/marcxml/schema/MARC21slim.xsd"
    xmlns="http://www.loc.gov/MARC21/slim">

  <leader>00390    a2200121   4500</leader>
  <controlfield tag="005">20250531113017.0</controlfield>
  <datafield tag="082" ind1=" " ind2=" ">
    <subfield code="a">LECT 658. 046 OLO</subfield>
  </datafield>
  <datafield tag="100" ind1=" " ind2=" ">
    <subfield code="a">OLOMI, D, R.</subfield>
  </datafield>
  <datafield tag="245" ind1=" " ind2=" ">
    <subfield code="a">African Entrepreneurship and Small Business Development: Context and Process.</subfield>
  </datafield>
  <datafield tag="260" ind1=" " ind2=" ">
    <subfield code="a">Dar es Salaam,</subfield>
    <subfield code="b">Otme Company LTD,</subfield>
    <subfield code="c">2009.</subfield>
  </datafield>
  <datafield tag="300" ind1=" " ind2=" ">
    <subfield code="a">xiii, 176p.: ill.; figure, table</subfield>
    <subfield code="b">Bibliography</subfield>
    <subfield code="c">22cm</subfield>
  </datafield>
  <datafield tag="942" ind1=" " ind2=" ">
    <subfield code="2">ddc</subfield>
    <subfield code="c">BKS</subfield>
  </datafield>
  <datafield tag="999" ind1=" " ind2=" ">
    <subfield code="c">2910</subfield>
    <subfield code="d">2910</subfield>
  </datafield>
  <datafield tag="952" ind1=" " ind2=" ">
    <subfield code="r">2025-05-31 11:37:52</subfield>
    <subfield code="l">0</subfield>
    <subfield code="o">LECT 658. 046 OLO</subfield>
    <subfield code="p">00000010523</subfield>
    <subfield code="v">96000.00</subfield>
    <subfield code="w">2025-05-31</subfield>
    <subfield code="y">BKS</subfield>
    <subfield code="1">0</subfield>
    <subfield code="2">ddc</subfield>
    <subfield code="4">0</subfield>
    <subfield code="7">0</subfield>
    <subfield code="0">0</subfield>
    <subfield code="a">CBEML</subfield>
    <subfield code="b">CBEML</subfield>
    <subfield code="c">SPECIAL</subfield>
    <subfield code="d">2005-10-27</subfield>
    <subfield code="g">32000.00</subfield>
  </datafield>
  <datafield tag="952" ind1=" " ind2=" ">
    <subfield code="r">2025-05-31 11:37:52</subfield>
    <subfield code="l">0</subfield>
    <subfield code="o">LECT 658. 046 OLO</subfield>
    <subfield code="p">00000010524</subfield>
    <subfield code="v">96000.00</subfield>
    <subfield code="w">2025-05-31</subfield>
    <subfield code="y">BKS</subfield>
    <subfield code="1">0</subfield>
    <subfield code="2">ddc</subfield>
    <subfield code="4">0</subfield>
    <subfield code="7">0</subfield>
    <subfield code="0">0</subfield>
    <subfield code="a">CBEML</subfield>
    <subfield code="b">CBEML</subfield>
    <subfield code="c">SPECIAL</subfield>
    <subfield code="d">2005-10-27</subfield>
    <subfield code="g">32000.00</subfield>
  </datafield>
</record>
